000 00296nam a2200133Ia 4500
100 _aBADVE/S.M.&Others
942 _cBK
654 _aAlgebra
245 _aIntroduction to college algebra
260 _bSomaiya Publications
_aBombay
_c1972
082 _a572
300 _a240
546 _aENGLISH
999 _c34941
_d34941